000 00465nam a2200193 a 4500
001 1757999702850
003 ACL
005 20250916105537.0
008 250916s2009##################000#0#eng##
020 _a9781845117764
082 0 4 _a791.43658
_bBAR
100 1 _aBarrett, Jenny,
_eauthor.
245 1 0 _aShooting the Civil War :
260 _bI.B. Tauris,
_c2009.
300 _a236 pages
650 0 _aHistory.
942 _cENGLISH
040 _aACL
_beng
_cACL
999 _c587289
_d587289